Tính toán thiết kế các công trình phụ tạm để thi công cầu
Giới thiệu những phương pháp tính toán các công trình phụ tạm trọng yếu và thường gặp nhất trong xây dựng cầu; nhằm phục vụ đông đảo độc giả là các kỹ sư, cán bộ giảng dạy và sinh viên ngành công trình có thêm tài liệu tham khảo. Nó có y...
Na minha lista:
| Autor principal: | |
|---|---|
| Formato: | Livro |
| Idioma: | Undetermined |
| Publicado em: |
Hà Nội
Xây dựng
2010
|
| Assuntos: | |
| Tags: |
Adicionar Tag
Sem tags, seja o primeiro a adicionar uma tag!
|
| Thư viện lưu trữ: | Trung tâm Học liệu Trường Đại học Cần Thơ |
|---|
| LEADER | 01258nam a2200229Ia 4500 | ||
|---|---|---|---|
| 001 | CTU_169011 | ||
| 008 | 210402s9999 xx 000 0 und d | ||
| 020 | |c 61000 | ||
| 082 | |a 624.257 | ||
| 082 | |b Ch312 | ||
| 100 | |a Phạm, Huy Chính | ||
| 245 | 0 | |a Tính toán thiết kế các công trình phụ tạm để thi công cầu | |
| 245 | 0 | |c Phạm Huy Chính | |
| 260 | |a Hà Nội | ||
| 260 | |b Xây dựng | ||
| 260 | |c 2010 | ||
| 520 | |a Giới thiệu những phương pháp tính toán các công trình phụ tạm trọng yếu và thường gặp nhất trong xây dựng cầu; nhằm phục vụ đông đảo độc giả là các kỹ sư, cán bộ giảng dạy và sinh viên ngành công trình có thêm tài liệu tham khảo. Nó có ý nghĩa đối với việc đảm bảo chất lượng, tiến độ thi công công trình và an toàn cho con ngừơi, thiết bị trong quá trình thi công. | ||
| 650 | |a Bridges,Cầu | ||
| 650 | |x Design and construction | ||
| 650 | |y Thiết kế và thi công | ||
| 904 | |i Ngọc Anh, Trọng Hiếu | ||
| 980 | |a Trung tâm Học liệu Trường Đại học Cần Thơ | ||